Nazionali con meno vittorie agli Europei - Statistics

Statistiche generali
  • Questo quiz è stato fatto 8 volte
    6 dall'ultimo reset
  • Il punteggio medio è 5 su 9
Statistiche sulle risposte
Vittorie Nazionale % Corretto
1 Finlandia
100%
1 Bulgaria
75%
0 Lettonia
75%
0 Macedonia del Nord
75%
1 Albania
50%
1 Irlanda del Nord
50%
1 Norvegia
50%
0 Slovenia
50%
1 Georgia
0%
Nessun quiz corrispondente trovato
Distribuzione punteggi
Percentuale di utenti per punteggio
Percentile per numero di risposta
I tuoi punteggi nel tempo
Non hai fatto questo quiz dall'ultimo reset